000 00361nam a2200145Ia 4500
008 230917s9999||||xx |||||||||||||| ||und||
040 _e39197
_aMAIN
041 _aEnglish
082 _a822.09 A92P
100 _aAvtar Singh
245 0 _aPerspectives on Western drama
260 _aNew Delhi
_bHarman Publishing
_c1991
300 _aviii, 276 p.
942 _cBK
999 _c69634
_d69634